zpět

Detail výsledku týmu

U Gregorů, Nymburk

Datum a čas kvízu

43 Celkem bodů Celkový počet nahraných bodů na tomto kvízu bez doplňovacích otázek.
1. Pořadí na kvízu Konečné umístění týmu na tomto kvízu.

Zaznamenané odpovědi

# Otázka Odpověď Body Výsledky
1. Tato novinářka prošla celou p... Markéta Řeháková 1
2. Norský výbor se rozhodl letoš... z Íránu 1
3. Agáta Hanychová minulý týden o... Miroslav Dopita 1
4. Ve středu byla v Berlíně předs... Škoda Kodiaq 1
5. Kolikátý titul v řadě mistra s... třetí titul 1
6. Téma o slavných trojicích, kte... Toyota, Nissan, Honda 1
7. Která tříčlenná kapela stojí z... Green Day 1
8. Na začátku které slavné původn... Matrix 1
9. S naším tématem jistě souvisí... d'Artagnana 1
10. Které společné příjmení patří... Zohorna 1